[Event "Ch_SFO"]
[Site "?"]
[Date "2018.03.17"]
[Round "3.7"]
[White "Beletsky, Alexey"]
[Black "Tsydypov, Zhamsaran"]
[Result "0-1"]
[BlackElo "2523"]
[WhiteElo "2370"]
[LiveChessVersion "1.4.8"]

1. g3 {[%clk 1:30:57]} e5 {[%clk 1:24:18]} 2. c4 {[%clk 1:31:18]} Nc6
{[%clk 1:24:35]} 3. Bg2 {[%clk 1:31:41]} Bc5 {[%clk 1:24:47]} 4. Nc3
{[%clk 1:31:37]} a6 {[%clk 1:25:02]} 5. e3 {[%clk 1:31:48]} d6 {[%clk 1:24:56]}
6. a3 {[%clk 1:31:30]} Ba7 {[%clk 1:24:54]} 7. Nge2 {[%clk 1:31:45]} h5
{[%clk 1:21:46]} 8. h4 {[%clk 1:28:57]} Be6 {[%clk 1:20:37]} 9. d3
{[%clk 1:28:36]} Nf6 {[%clk 1:18:42]} 10. Nd5 {[%clk 1:28:42]} Bxd5
{[%clk 1:09:25]} 11. cxd5 {[%clk 1:29:04]} Ne7 {[%clk 1:09:51]} 12. Qb3
{[%clk 1:23:35]} Rb8 {[%clk 1:08:17]} 13. Bd2 {[%clk 1:22:06]} O-O
{[%clk 1:07:10]} 14. Rc1 {[%clk 1:21:24]} c5 {[%clk 1:06:46]} 15. dxc6
{[%clk 1:12:20]} bxc6 {[%clk 1:07:06]} 16. Qc2 {[%clk 1:12:02]} Ng4
{[%clk 0:53:52]} 17. d4 {[%clk 1:08:22]} exd4 {[%clk 0:52:13]} 18. Nxd4
{[%clk 1:08:41]} Bxd4 {[%clk 0:51:14]} 19. exd4 {[%clk 1:09:06]} Qb6
{[%clk 0:45:13]} 20. Bc3 {[%clk 1:08:54]} Nd5 {[%clk 0:36:49]} 21. O-O
{[%clk 1:07:13]} Rfe8 {[%clk 0:32:37]} 22. Bxd5 {[%clk 1:04:28]} cxd5
{[%clk 0:33:03]} 23. Qf5 {[%clk 1:02:51]} Nf6 {[%clk 0:33:12]} 24. Rfe1
{[%clk 1:02:19]} Re4 {[%clk 0:29:14]} 25. f3 {[%clk 0:37:32]} Ree8
{[%clk 0:25:04]} 26. Kf2 {[%clk 0:36:35]} Qb5 {[%clk 0:23:05]} 27. Rxe8+
{[%clk 0:36:35]} Qxe8 {[%clk 0:20:29]} 28. Re1 {[%clk 0:36:44]} Qd8
{[%clk 0:20:32]} 29. Re2 {[%clk 0:35:35]} g6 {[%clk 0:20:19]} 30. Qf4
{[%clk 0:34:29]} Ne8 {[%clk 0:19:32]} 31. Kg2 {[%clk 0:33:42]} Ng7
{[%clk 0:18:35]} 32. Qg5 {[%clk 0:32:18]} Qxg5 {[%clk 0:18:40]} 33. hxg5
{[%clk 0:32:43]} Ne6 {[%clk 0:19:06]} 34. f4 {[%clk 0:32:27]} Rb3
{[%clk 0:16:04]} 35. Rd2 {[%clk 0:30:21]} Kf8 {[%clk 0:16:24]} 36. Kf3
{[%clk 0:29:57]} Ke7 {[%clk 0:16:36]} 37. g4 {[%clk 0:28:43]} h4 {[%clk 0:15:14]}
38. Ke3 {[%clk 0:28:53]} f6 {[%clk 0:15:25]} 39. gxf6+ {[%clk 0:23:03]} Kxf6
{[%clk 0:15:50]} 40. Rh2 {[%clk 0:22:09]} g5 {[%clk 0:15:05]} 41. f5
{[%clk 0:22:25]} Nf4 {[%clk 0:14:43]} 42. Kd2 {[%clk 0:20:50]} Rb8
{[%clk 0:12:56]} 43. Kc2 {[%clk 0:19:04]} Re8 {[%clk 0:13:02]} 44. Bb4
{[%clk 0:17:17]} Re2+ {[%clk 0:12:28]} 45. Rxe2 {[%clk 0:17:42]} Nxe2
{[%clk 0:12:55]} 46. Bxd6 {[%clk 0:17:59]} Nf4 {[%clk 0:12:52]} 0-1

[Event "Ch_SFO"]
[Site "?"]
[Date "2018.03.17"]
[Round "3.8"]
[White "Sviridov, Valery"]
[Black "Boiarintsev, Vitaly"]
[Result "1-0"]
[BlackElo "2342"]
[WhiteElo "2506"]
[LiveChessVersion "1.4.8"]

1. e4 {[%clk 1:30:19]} g6 {[%clk 1:30:53]} 2. d4 {[%clk 1:30:40]} Bg7
{[%clk 1:31:21]} 3. Nc3 {[%clk 1:30:44]} c5 {[%clk 1:31:46]} 4. dxc5
{[%clk 1:30:39]} Qa5 {[%clk 1:32:09]} 5. Bd2 {[%clk 1:30:27]} Qxc5
{[%clk 1:32:34]} 6. Nd5 {[%clk 1:31:03]} Na6 {[%clk 1:32:59]} 7. Nf3
{[%clk 1:31:24]} Nf6 {[%clk 1:33:25]} 8. b4 {[%clk 1:31:36]} Qd6 {[%clk 1:33:38]}
9. Bf4 {[%clk 1:31:58]} Qe6 {[%clk 1:33:15]} 10. Ng5 {[%clk 1:32:20]} Qc6
{[%clk 1:33:39]} 11. Be5 {[%clk 1:32:28]} h6 {[%clk 1:33:59]} 12. b5
{[%clk 1:32:52]} Qc5 {[%clk 1:34:24]} 13. Bd4 {[%clk 1:33:16]} Nxd5
{[%clk 1:34:45]} 14. Bxg7 {[%clk 1:33:39]} Nab4 {[%clk 1:18:26]} 15. c4
{[%clk 1:12:11]} Rg8 {[%clk 1:03:21]} 16. exd5 {[%clk 1:12:20]} Rxg7
{[%clk 1:02:27]} 17. Nf3 {[%clk 1:12:43]} e6 {[%clk 0:33:24]} 18. a3
{[%clk 1:13:00]} Nxd5 {[%clk 0:33:25]} 19. cxd5 {[%clk 1:13:19]} Qc3+
{[%clk 0:33:45]} 20. Nd2 {[%clk 1:13:40]} b6 {[%clk 0:33:54]} 21. Rc1
{[%clk 1:08:54]} Qxa3 {[%clk 0:32:29]} 22. Be2 {[%clk 1:08:09]} Bb7
{[%clk 0:32:47]} 23. Bf3 {[%clk 1:08:33]} Rc8 {[%clk 0:27:02]} 24. Rxc8+
{[%clk 1:08:09]} Bxc8 {[%clk 0:27:23]} 25. O-O {[%clk 1:08:34]} f5
{[%clk 0:22:28]} 26. dxe6 {[%clk 1:07:14]} dxe6 {[%clk 0:22:40]} 27. Nc4
{[%clk 1:07:35]} Qc5 {[%clk 0:21:34]} 28. Nd6+ {[%clk 1:06:34]} Kf8
{[%clk 0:19:34]} 29. Nxc8 {[%clk 1:04:37]} Qxc8 {[%clk 0:19:56]} 30. Qd6+
{[%clk 1:05:02]} Re7 {[%clk 0:20:09]} 31. Qf4 {[%clk 1:05:00]} Kg7
{[%clk 0:18:35]} 32. Rc1 {[%clk 1:05:20]} Qd8 {[%clk 0:17:18]} 33. Qe5+
{[%clk 1:05:38]} Kh7 {[%clk 0:15:39]} 34. Qf6 {[%clk 1:04:12]} h5
{[%clk 0:14:45]} 35. h4 {[%clk 1:04:29]} Qd7 {[%clk 0:12:16]} 36. Rc6
{[%clk 1:03:57]} Re8 {[%clk 0:09:25]} 37. Bd5 {[%clk 1:02:49]} 1-0

[Event "Ch_SFO"]
[Site "?"]
[Date "2018.03.17"]
[Round "3.9"]
[White "Piskunov, Alexandr"]
[Black "Khegay, Dmitriy"]
[Result "0-1"]
[BlackElo "2485"]
[WhiteElo "2356"]
[LiveChessVersion "1.4.8"]

1. e4 {[%clk 1:26:00]} e5 {[%clk 1:28:53]} 2. Nf3 {[%clk 1:26:23]} Nc6
{[%clk 1:29:18]} 3. Bb5 {[%clk 1:25:46]} a6 {[%clk 1:29:40]} 4. Ba4
{[%clk 1:26:15]} d6 {[%clk 1:26:43]} 5. c3 {[%clk 1:25:07]} Bd7 {[%clk 1:26:44]}
6. d3 {[%clk 1:08:51]} Nge7 {[%clk 1:26:50]} 7. Nbd2 {[%clk 1:08:42]} g6
{[%clk 1:26:26]} 8. Nf1 {[%clk 1:04:00]} Bg7 {[%clk 1:26:50]} 9. h4
{[%clk 1:04:22]} h6 {[%clk 1:23:53]} 10. h5 {[%clk 1:04:38]} g5 {[%clk 1:24:14]}
11. Ne3 {[%clk 1:03:25]} f5 {[%clk 1:23:41]} 12. exf5 {[%clk 1:03:18]} Nxf5
{[%clk 1:24:00]} 13. d4 {[%clk 1:02:03]} e4 {[%clk 1:18:07]} 14. Nxf5
{[%clk 0:57:18]} Bxf5 {[%clk 1:18:31]} 15. d5 {[%clk 0:57:30]} exf3
{[%clk 1:17:44]} 16. dxc6 {[%clk 0:56:36]} b5 {[%clk 1:17:08]} 17. Bc2
{[%clk 0:55:32]} fxg2 {[%clk 1:15:26]} 18. Rg1 {[%clk 0:56:01]} Bxc2
{[%clk 1:15:42]} 19. Qxc2 {[%clk 0:56:30]} O-O {[%clk 1:16:04]} 20. Be3
{[%clk 0:56:28]} Qe8 {[%clk 1:15:38]} 21. O-O-O {[%clk 0:56:40]} Qxc6
{[%clk 1:14:10]} 22. Bd4 {[%clk 0:56:21]} Qe8 {[%clk 1:12:04]} 23. Rxg2
{[%clk 0:54:07]} Qxh5 {[%clk 1:08:18]} 24. Rgg1 {[%clk 0:54:17]} Rae8
{[%clk 1:02:09]} 25. Rh1 {[%clk 0:52:56]} Qf7 {[%clk 1:02:34]} 26. a4
{[%clk 0:53:03]} Re6 {[%clk 0:55:45]} 27. Bxg7 {[%clk 0:52:27]} Kxg7
{[%clk 0:56:06]} 28. axb5 {[%clk 0:52:56]} axb5 {[%clk 0:56:22]} 29. Qb3
{[%clk 0:53:24]} Re5 {[%clk 0:55:38]} 0-1

[Event "Ch_SFO"]
[Site "?"]
[Date "2018.03.17"]
[Round "3.10"]
[White "Khanin, Semen"]
[Black "Maleev, Pavel"]
[Result "1-0"]
[BlackElo "2303"]
[WhiteElo "2463"]
[LiveChessVersion "1.4.8"]

1. e4 {[%clk 1:30:58]} c6 {[%clk 1:27:38]} 2. d4 {[%clk 1:31:22]} d5
{[%clk 1:28:04]} 3. Nd2 {[%clk 1:31:46]} dxe4 {[%clk 1:28:27]} 4. Nxe4
{[%clk 1:32:12]} Nf6 {[%clk 1:28:54]} 5. Nxf6+ {[%clk 1:32:32]} exf6
{[%clk 1:29:20]} 6. c3 {[%clk 1:32:56]} Bd6 {[%clk 1:29:17]} 7. Bd3
{[%clk 1:33:21]} O-O {[%clk 1:29:05]} 8. Ne2 {[%clk 1:33:45]} Qc7
{[%clk 1:28:06]} 9. Qc2 {[%clk 1:33:59]} h6 {[%clk 1:26:45]} 10. c4
{[%clk 1:30:50]} Re8 {[%clk 1:17:49]} 11. c5 {[%clk 1:30:37]} Bf8
{[%clk 1:05:39]} 12. O-O {[%clk 1:30:52]} Na6 {[%clk 1:05:16]} 13. Bf4
{[%clk 1:23:34]} Qd8 {[%clk 0:47:31]} 14. Qd2 {[%clk 1:14:30]} Nc7
{[%clk 0:38:37]} 15. Nc3 {[%clk 1:11:13]} Nd5 {[%clk 0:35:29]} 16. Bg3
{[%clk 1:10:58]} f5 {[%clk 0:30:08]} 17. Rfe1 {[%clk 0:54:38]} Rxe1+
{[%clk 0:26:14]} 18. Rxe1 {[%clk 0:55:04]} Be6 {[%clk 0:26:37]} 19. Bc4
{[%clk 0:42:51]} Qd7 {[%clk 0:19:40]} 20. h4 {[%clk 0:38:43]} Rd8
{[%clk 0:16:08]} 21. Bb3 {[%clk 0:26:21]} Nf6 {[%clk 0:04:19]} 22. Bxe6
{[%clk 0:26:08]} fxe6 {[%clk 0:04:43]} 23. Qe2 {[%clk 0:25:26]} Re8
{[%clk 0:04:55]} 24. Qc4 {[%clk 0:24:21]} Nd5 {[%clk 0:02:23]} 25. Qb3
{[%clk 0:24:22]} Be7 {[%clk 0:02:28]} 26. Nxd5 {[%clk 0:23:55]} exd5
{[%clk 0:02:48]} 27. Qe3 {[%clk 0:19:02]} Kf7 {[%clk 0:02:25]} 28. Qf3
{[%clk 0:18:50]} Bf6 {[%clk 0:02:27]} 29. Rxe8 {[%clk 0:19:06]} Kxe8
{[%clk 0:02:37]} 30. Qf4 {[%clk 0:16:27]} Kf7 {[%clk 0:02:04]} 31. h5
{[%clk 0:16:53]} g5 {[%clk 0:02:02]} 32. hxg6+ {[%clk 0:16:46]} Kxg6
{[%clk 0:02:28]} 33. Qe3 {[%clk 0:15:06]} Qe7 {[%clk 0:02:00]} 34. Be5
{[%clk 0:15:30]} Bxe5 {[%clk 0:01:32]} 35. dxe5 {[%clk 0:15:28]} Kf7
{[%clk 0:00:53]} 36. f4 {[%clk 0:14:02]} Ke6 {[%clk 0:01:08]} 37. Qg3
{[%clk 0:12:21]} Qxc5+ {[%clk 0:00:46]} 38. Kh2 {[%clk 0:12:48]} Qf8
{[%clk 0:01:01]} 39. Qg6+ {[%clk 0:13:04]} Kd7 {[%clk 0:01:14]} 40. Qh7+
{[%clk 0:13:24]} Qe7 {[%clk 0:01:19]} 41. Qxf5+ {[%clk 0:13:44]} Qe6
{[%clk 0:01:22]} 42. Qh7+ {[%clk 0:10:37]} Kc8 {[%clk 0:01:46]} 43. Qh8+
{[%clk 0:10:56]} Kc7 {[%clk 0:01:54]} 44. Qg7+ {[%clk 0:11:13]} Kc8
{[%clk 0:00:38]} 45. g4 {[%clk 0:07:15]} d4 {[%clk 0:00:49]} 46. f5
{[%clk 0:07:39]} Qd7 {[%clk 0:00:55]} 47. f6 {[%clk 0:07:37]} 1-0

[Event "Ch_SFO"]
[Site "?"]
[Date "2018.03.17"]
[Round "3.11"]
[White "Ponomarev, Grigori"]
[Black "Vlassov, Nikolai"]
[Result "1-0"]
[BlackElo "2457"]
[WhiteElo "2120"]
[LiveChessVersion "1.4.8"]

1. e4 {[%clk 1:30:53]} c5 {[%clk 1:30:50]} 2. Nf3 {[%clk 1:31:16]} d6
{[%clk 1:31:13]} 3. d4 {[%clk 1:31:31]} cxd4 {[%clk 1:31:40]} 4. Nxd4
{[%clk 1:31:55]} Nf6 {[%clk 1:32:04]} 5. Nc3 {[%clk 1:32:23]} g6 {[%clk 1:32:27]}
6. g3 {[%clk 1:32:30]} Bg7 {[%clk 1:32:48]} 7. Bg2 {[%clk 1:32:52]} O-O
{[%clk 1:33:06]} 8. O-O {[%clk 1:32:56]} Nc6 {[%clk 1:28:27]} 9. Nxc6
{[%clk 1:31:02]} bxc6 {[%clk 1:28:54]} 10. Rb1 {[%clk 1:31:25]} Be6
{[%clk 1:24:16]} 11. b3 {[%clk 1:27:56]} d5 {[%clk 1:19:39]} 12. Qe2
{[%clk 1:24:39]} Rc8 {[%clk 1:12:19]} 13. Bb2 {[%clk 1:22:08]} d4
{[%clk 1:10:05]} 14. Na4 {[%clk 1:22:25]} c5 {[%clk 1:10:21]} 15. Rbd1
{[%clk 1:18:40]} Qa5 {[%clk 0:58:30]} 16. c3 {[%clk 1:16:56]} c4 {[%clk 0:54:42]}
17. cxd4 {[%clk 1:17:10]} cxb3 {[%clk 0:52:51]} 18. Nc5 {[%clk 1:08:18]} bxa2
{[%clk 0:53:19]} 19. Nxe6 {[%clk 1:06:43]} fxe6 {[%clk 0:53:35]} 20. Bh3 Rc6 21.
d5 {[%clk 1:06:25]} exd5 {[%clk 0:53:57]} 22. exd5 {[%clk 1:06:47]} Rb6
{[%clk 0:46:48]} 23. Bd4 {[%clk 1:04:39]} Nh5 {[%clk 0:43:51]} 24. Bxb6
{[%clk 1:00:44]} axb6 {[%clk 0:43:39]} 25. Qxe7 {[%clk 1:00:12]} Ra8
{[%clk 0:43:07]} 26. d6 {[%clk 0:56:30]} a1=Q {[%clk 0:43:11]} 27. d7 h6
{[%clk 0:26:42]} 28. Rxa1 {[%clk 0:54:21]} Bxa1 {[%clk 0:27:04]} 29. Be6+
{[%clk 0:54:40]} Kh8 {[%clk 0:27:31]} 30. d8=Q+ {[%clk 0:54:54]} Rxd8
{[%clk 0:27:53]} 31. Qxd8+ {[%clk 0:55:19]} Kg7 {[%clk 0:28:16]} 32. Qe7+
{[%clk 0:55:43]} 1-0

[Event "Ch_SFO"]
[Site "?"]
[Date "2018.03.17"]
[Round "3.12"]
[White "Gontcharov, Vladislav"]
[Black "Grachev, Alexey"]
[Result "1-0"]
[BlackElo "2088"]
[WhiteElo "2448"]
[LiveChessVersion "1.4.8"]

1. d4 {[%clk 1:30:53]} d5 {[%clk 1:30:54]} 2. c4 {[%clk 1:31:18]} c6
{[%clk 1:31:18]} 3. Nf3 {[%clk 1:29:39]} Nf6 {[%clk 1:31:38]} 4. Nc3
{[%clk 1:29:05]} e6 {[%clk 1:32:03]} 5. e3 {[%clk 1:26:48]} Nbd7 {[%clk 1:32:24]}
6. Bd3 {[%clk 1:23:38]} dxc4 {[%clk 1:32:46]} 7. Bxc4 {[%clk 1:24:05]} b5
{[%clk 1:33:11]} 8. Bd3 {[%clk 1:22:10]} Bd6 {[%clk 1:33:11]} 9. O-O
{[%clk 1:19:16]} O-O {[%clk 1:33:26]} 10. e4 {[%clk 1:15:25]} e5 {[%clk 1:33:43]}
11. Bg5 {[%clk 1:15:01]} a6 {[%clk 1:10:52]} 12. h3 {[%clk 0:59:49]} h6
{[%clk 1:02:06]} 13. Bh4 {[%clk 0:57:59]} exd4 {[%clk 1:00:35]} 14. Nxd4
{[%clk 0:57:56]} Ne5 {[%clk 1:00:43]} 15. Bc2 {[%clk 0:54:34]} b4
{[%clk 0:54:18]} 16. Na4 {[%clk 0:50:43]} c5 {[%clk 0:51:51]} 17. Ne2
{[%clk 0:46:02]} Ng6 {[%clk 0:36:07]} 18. Bg3 {[%clk 0:44:01]} Bxg3
{[%clk 0:36:31]} 19. Nxg3 {[%clk 0:44:21]} Qc7 {[%clk 0:36:04]} 20. Rc1
{[%clk 0:43:27]} Bd7 {[%clk 0:31:48]} 21. Bb3 {[%clk 0:37:26]} Bxa4
{[%clk 0:30:51]} 22. Bxa4 {[%clk 0:37:52]} Ne5 {[%clk 0:25:58]} 23. Qe2
{[%clk 0:34:15]} Rfd8 {[%clk 0:20:14]} 24. Bb3 {[%clk 0:32:13]} Nd3
{[%clk 0:17:55]} 25. Rc2 {[%clk 0:32:24]} Qe5 {[%clk 0:17:56]} 26. Qe3
{[%clk 0:27:36]} Qd4 {[%clk 0:12:33]} 27. Qxd4 {[%clk 0:25:48]} Rxd4
{[%clk 0:12:44]} 28. f3 {[%clk 0:25:23]} c4 {[%clk 0:10:05]} 29. Bxc4
{[%clk 0:23:56]} Nxb2 {[%clk 0:10:25]} 30. Bb3 {[%clk 0:23:18]} Nd3
{[%clk 0:10:30]} 31. Rd2 {[%clk 0:23:13]} Rad8 {[%clk 0:02:35]} 32. Rfd1
{[%clk 0:22:11]} R4d7 {[%clk 0:02:26]} 33. Ba4 {[%clk 0:22:27]} Nb2
{[%clk 0:02:11]} 34. Rxd7 {[%clk 0:22:27]} Rxd7 {[%clk 0:02:35]} 35. Rxd7
{[%clk 0:22:49]} Nxd7 {[%clk 0:01:41]} 36. Bxd7 {[%clk 0:23:13]} Nd1
{[%clk 0:01:53]} 37. Ne2 {[%clk 0:22:46]} a5 {[%clk 0:02:17]} 38. Ba4
{[%clk 0:22:22]} Nb2 {[%clk 0:02:43]} 39. Bb3 {[%clk 0:20:27]} a4
{[%clk 0:03:09]} 40. Bd5 {[%clk 0:20:42]} Nd1 {[%clk 0:02:20]} 41. Nd4
{[%clk 0:18:47]} b3 {[%clk 0:01:31]} 42. axb3 {[%clk 0:19:04]} a3
{[%clk 0:01:56]} 43. b4 {[%clk 0:18:45]} Nc3 {[%clk 0:02:17]} 44. Nc2
{[%clk 0:18:54]} a2 {[%clk 0:02:42]} 45. b5 {[%clk 0:19:14]} Ne2+
{[%clk 0:03:06]} 46. Kf2 {[%clk 0:19:27]} Nd4 {[%clk 0:03:33]} 47. Na1
{[%clk 0:19:18]} 1-0

[Event "Ch_SFO"]
[Site "?"]
[Date "2018.03.17"]
[Round "3.13"]
[White "Kalabukhov, Bogdan"]
[Black "Boichuk, Alexei"]
[Result "1/2-1/2"]
[BlackElo "2125"]
[WhiteElo "2326"]
[LiveChessVersion "1.4.8"]

1. d4 {[%clk 1:27:03]} Nf6 {[%clk 1:30:49]} 2. c4 {[%clk 1:27:30]} e6
{[%clk 1:31:08]} 3. g3 {[%clk 1:27:56]} c5 {[%clk 1:30:38]} 4. d5
{[%clk 1:28:15]} exd5 {[%clk 1:30:44]} 5. cxd5 {[%clk 1:28:41]} d6
{[%clk 1:30:35]} 6. Nc3 {[%clk 1:29:04]} g6 {[%clk 1:30:25]} 7. Bg2
{[%clk 1:29:28]} Bg7 {[%clk 1:30:48]} 8. Nf3 {[%clk 1:29:56]} O-O
{[%clk 1:31:05]} 9. O-O {[%clk 1:30:22]} Re8 {[%clk 1:30:30]} 10. Nd2
{[%clk 1:30:36]} a6 {[%clk 1:30:20]} 11. a4 {[%clk 1:31:01]} Nbd7
{[%clk 1:29:12]} 12. h3 {[%clk 1:31:18]} h6 {[%clk 1:28:49]} 13. Kh2
{[%clk 1:24:13]} g5 {[%clk 1:24:08]} 14. Nc4 {[%clk 1:06:41]} Ne5
{[%clk 1:23:55]} 15. Ne3 {[%clk 1:05:59]} Ng6 {[%clk 1:13:51]} 16. Qc2
{[%clk 1:05:00]} Rb8 {[%clk 1:11:17]} 17. a5 {[%clk 1:01:42]} Bd7
{[%clk 1:05:25]} 18. Nc4 {[%clk 0:56:27]} Bb5 {[%clk 1:03:25]} 19. Nxb5
{[%clk 0:55:41]} axb5 {[%clk 1:03:49]} 20. Ne3 {[%clk 0:56:08]} Ne7
{[%clk 0:58:05]} 21. Bd2 {[%clk 0:48:11]} b4 {[%clk 0:48:59]} 22. Rfd1
{[%clk 0:47:58]} Ra8 {[%clk 0:48:39]} 23. Nc4 {[%clk 0:48:23]} Ng6
{[%clk 0:46:30]} 24. e4 {[%clk 0:47:35]} Ne5 {[%clk 0:46:30]} 25. Ne3
{[%clk 0:34:42]} Ng6 {[%clk 0:32:30]} 26. Nf5 {[%clk 0:32:47]} Bf8
{[%clk 0:32:43]} 27. Rg1 {[%clk 0:31:45]} Ne7 {[%clk 0:31:47]} 28. Ne3
{[%clk 0:30:54]} Kh8 {[%clk 0:18:05]} 29. Nc4 {[%clk 0:30:09]} Ng6
{[%clk 0:18:03]} 30. Bh1 {[%clk 0:21:33]} Ra6 {[%clk 0:14:05]} 31. f4
{[%clk 0:19:53]} gxf4 {[%clk 0:12:15]} 32. gxf4 {[%clk 0:20:17]} Nd7
{[%clk 0:08:48]} 33. Raf1 {[%clk 0:15:34]} Bg7 {[%clk 0:08:11]} 34. Be3
{[%clk 0:13:11]} Rg8 {[%clk 0:06:34]} 35. Rg4 {[%clk 0:09:09]} Qe7
{[%clk 0:06:30]} 36. Rfg1 {[%clk 0:07:38]} Nf6 {[%clk 0:05:00]} 37. R4g2
{[%clk 0:07:33]} Raa8 {[%clk 0:03:54]} 38. Re2 {[%clk 0:02:20]} Rae8
{[%clk 0:03:58]} 39. Rge1 {[%clk 0:01:16]} Nh5 {[%clk 0:02:33]} 40. Qd2
{[%clk 0:01:03]} Rd8 {[%clk 0:01:49]} 41. Rg1 {[%clk 0:01:24]} Nf6
{[%clk 0:01:04]} 42. Bf2 {[%clk 0:00:58]} Nh5 {[%clk 0:01:07]} 43. Be3
{[%clk 0:01:02]} Qf6 {[%clk 0:01:03]} 44. Rg4 {[%clk 0:01:03]} Qe7
{[%clk 0:01:05]} 45. Qd3 {[%clk 0:00:46]} Nf6 {[%clk 0:01:11]} 46. Rg3
{[%clk 0:01:04]} Rge8 {[%clk 0:01:27]} 47. Bc1 {[%clk 0:00:58]} Nh5
{[%clk 0:01:28]} 48. Rg4 {[%clk 0:01:23]} Nf6 {[%clk 0:01:20]} 49. Rg1
{[%clk 0:01:52]} Nh5 {[%clk 0:01:03]} 50. Qf3 {[%clk 0:01:57]} Nf6
{[%clk 0:00:56]} 51. f5 {[%clk 0:02:00]} Ne5 {[%clk 0:01:08]} 52. Nxe5
{[%clk 0:02:17]} Qxe5+ {[%clk 0:01:27]} 53. Bf4 {[%clk 0:02:43]} Qd4
{[%clk 0:00:49]} 54. Qg3 {[%clk 0:01:15]} Nh5 {[%clk 0:01:00]} 55. Qh4
{[%clk 0:00:56]} Nxf4 {[%clk 0:01:20]} 56. Rf2 {[%clk 0:01:18]} Nh5
{[%clk 0:01:03]} 57. Rxg7 {[%clk 0:00:45]} Nxg7 {[%clk 0:00:43]} 58. Qxh6+
{[%clk 0:01:09]} Kg8 {[%clk 0:01:10]} 59. f6 {[%clk 0:01:04]} Qxf2+
{[%clk 0:01:26]} 60. Bg2 {[%clk 0:01:28]} Nh5 {[%clk 0:00:40]} 1/2-1/2

[Event "Ch_SFO"]
[Site "?"]
[Date "2018.03.17"]
[Round "3.14"]
[White "Kalyndu, Aldynbek"]
[Black "Babakekhyan, Artem"]
[Result "1/2-1/2"]
[BlackElo "1892"]
[WhiteElo "2088"]
[LiveChessVersion "1.4.8"]

1. d4 {[%clk 1:30:47]} Nf6 {[%clk 1:30:52]} 2. Bf4 {[%clk 1:29:31]} g6
{[%clk 1:30:56]} 3. e3 {[%clk 1:29:04]} Bg7 {[%clk 1:31:06]} 4. Nf3
{[%clk 1:29:05]} O-O {[%clk 1:31:30]} 5. Be2 {[%clk 1:27:37]} d6 {[%clk 1:31:45]}
6. h3 {[%clk 1:27:41]} Nbd7 {[%clk 1:32:09]} 7. O-O {[%clk 1:26:55]} b6
{[%clk 1:29:32]} 8. c4 {[%clk 1:26:37]} c5 {[%clk 1:28:34]} 9. Nc3
{[%clk 1:24:12]} cxd4 {[%clk 1:28:37]} 10. exd4 {[%clk 1:24:23]} Bb7
{[%clk 1:27:58]} 11. Re1 {[%clk 1:21:32]} Rc8 {[%clk 1:17:43]} 12. d5
{[%clk 1:14:24]} a6 {[%clk 1:15:48]} 13. Rc1 {[%clk 1:12:21]} Rc7
{[%clk 1:14:02]} 14. a4 {[%clk 1:00:23]} Nc5 {[%clk 1:01:38]} 15. Bf1
{[%clk 0:58:52]} Re8 {[%clk 1:00:12]} 16. b4 {[%clk 0:54:43]} Ncd7
{[%clk 1:00:38]} 17. Nd4 {[%clk 0:54:46]} Nh5 {[%clk 0:56:42]} 18. Be3
{[%clk 0:52:52]} Ne5 {[%clk 0:54:24]} 19. Qb3 {[%clk 0:49:47]} Qc8
{[%clk 0:50:47]} 20. Nb1 {[%clk 0:49:47]} Nf6 {[%clk 0:50:47]} 21. f4
{[%clk 0:49:47]} Ned7 {[%clk 0:50:47]} 22. Nc3 {[%clk 0:49:47]} Qa8
{[%clk 0:50:47]} 23. b5 {[%clk 0:42:09]} a5 {[%clk 0:34:00]} 24. Nc6
{[%clk 0:41:38]} e6 {[%clk 0:32:16]} 25. Qc2 {[%clk 0:37:11]} Nc5
{[%clk 0:28:51]} 26. Bxc5 {[%clk 0:30:41]} dxc5 {[%clk 0:29:11]} 27. g4
{[%clk 0:28:17]} exd5 {[%clk 0:28:06]} 28. cxd5 {[%clk 0:27:52]} Rd7
{[%clk 0:26:08]} 29. Bg2 {[%clk 0:27:29]} Rxe1+ {[%clk 0:25:26]} 30. Rxe1
{[%clk 0:27:49]} Ne8 {[%clk 0:25:47]} 31. Rd1 {[%clk 0:20:05]} Nd6
{[%clk 0:24:32]} 32. Ne4 {[%clk 0:16:58]} Qe8 {[%clk 0:18:55]} 33. Nxd6
{[%clk 0:17:12]} Rxd6 {[%clk 0:17:15]} 34. Qe4 {[%clk 0:17:10]} Bxc6
{[%clk 0:16:24]} 35. bxc6 {[%clk 0:17:26]} Qd8 {[%clk 0:16:13]} 36. Rb1
{[%clk 0:15:05]} Bd4+ {[%clk 0:15:49]} 37. Kh1 {[%clk 0:15:20]} Bf6
{[%clk 0:08:05]} 38. Qc4 {[%clk 0:13:58]} Qc7 {[%clk 0:08:02]} 39. g5
{[%clk 0:11:11]} Be7 {[%clk 0:07:52]} 40. Qb3 {[%clk 0:10:55]} Bd8
{[%clk 0:07:48]} 41. Re1 {[%clk 0:10:48]} Be7 {[%clk 0:07:11]} 42. Rb1
{[%clk 0:10:01]} Bd8 {[%clk 0:07:24]} 43. Re1 {[%clk 0:08:21]} Be7
{[%clk 0:07:52]} 44. Rb1 {[%clk 0:08:40]} 1/2-1/2

[Event "Ch_SFO"]
[Site "?"]
[Date "2018.03.17"]
[Round "3.15"]
[White "Kardashevskiy, Evgeny"]
[Black "Lykov, Vasili"]
[Result "1-0"]
[BlackElo "1998"]
[WhiteElo "2411"]
[LiveChessVersion "1.4.8"]

1. d4 {[%clk 1:30:56]} d5 {[%clk 1:30:52]} 2. Nf3 {[%clk 1:31:17]} Nf6
{[%clk 1:31:12]} 3. c4 {[%clk 1:31:41]} c6 {[%clk 1:31:27]} 4. Nc3
{[%clk 1:31:59]} e6 {[%clk 1:31:50]} 5. Bg5 {[%clk 1:32:12]} h6 {[%clk 1:32:06]}
6. Bxf6 {[%clk 1:32:33]} Qxf6 {[%clk 1:32:28]} 7. Qb3 {[%clk 1:32:59]} Nd7
{[%clk 1:31:43]} 8. e4 {[%clk 1:33:07]} dxe4 {[%clk 1:30:30]} 9. Nxe4
{[%clk 1:33:31]} Qf4 {[%clk 1:29:29]} 10. Bd3 {[%clk 1:33:44]} Nf6
{[%clk 1:27:20]} 11. Nxf6+ {[%clk 1:31:55]} gxf6 {[%clk 1:25:46]} 12. Be2
{[%clk 1:25:25]} h5 {[%clk 1:22:20]} 13. g3 {[%clk 1:22:35]} Qe4 {[%clk 1:18:22]}
14. O-O {[%clk 1:21:09]} h4 {[%clk 1:12:44]} 15. Rae1 {[%clk 1:20:58]} hxg3
{[%clk 1:11:56]} 16. fxg3 {[%clk 1:20:48]} Bd6 {[%clk 1:10:06]} 17. c5
{[%clk 1:18:01]} Bc7 {[%clk 1:09:57]} 18. Rf2 {[%clk 1:14:37]} b6
{[%clk 1:07:28]} 19. Bb5 {[%clk 1:14:09]} Qh7 {[%clk 1:04:36]} 20. Bxc6+
{[%clk 1:13:55]} Kf8 {[%clk 1:03:18]} 21. Bxa8 {[%clk 1:13:09]} Bxg3
{[%clk 1:03:16]} 22. Rg2 {[%clk 1:13:08]} Bxe1 {[%clk 1:01:48]} 23. Nxe1
{[%clk 1:13:28]} Qb1 {[%clk 1:00:16]} 24. Qg3 {[%clk 1:09:27]} Bd7
{[%clk 0:56:24]} 25. Kh1 {[%clk 1:03:47]} bxc5 {[%clk 0:55:34]} 26. Qg7+
{[%clk 1:02:02]} Ke7 {[%clk 0:55:49]} 27. Qxh8 {[%clk 1:02:19]} Qxe1+
{[%clk 0:54:36]} 28. Rg1 {[%clk 1:02:47]} Qf2 {[%clk 0:54:48]} 29. dxc5
{[%clk 1:02:28]} Qxc5 {[%clk 0:55:11]} 30. Qh3 {[%clk 1:02:42]} Bc6+
{[%clk 0:54:38]} 31. Bxc6 {[%clk 1:03:04]} Qxc6+ {[%clk 0:54:58]} 32. Qg2
{[%clk 1:03:29]} Qd7 {[%clk 0:52:22]} 33. Qe4 {[%clk 1:03:18]} Qc7
{[%clk 0:44:59]} 34. Qb4+ {[%clk 1:02:45]} 1-0